LEADER 01524nam a2200325 a 4500 001 000000022504 003 CaOOAMICUS 005 20140228124832.0 008 950522s1983 it u000 u ita r 020 $a8870307107 035 $a10563924 040 $aPUL$bita 245 02$aI documenti sociali della Chiesa :$bda Pio IX a Giovanni Paolo II (1864-1982) /$ca cura e con introduzioni di P. Raimondo Spiazzi. 260 $aMilano :$bMassimo,$c[1983] 300 $aliv, 1960 p. ;$c16 cm 490 1 $aEnciclopedie per tutti ;$v6 500 $aDocumenti di Pio IX, Leone XIII, Pio X, Pio XI, Pio XII, Giovanni XXIII, Paolo VI, card. Maurice Roy, Giovanni Paolo II. 650 4$aEncicliche sociali.$0(OLS)http://pul/subject/119 650 4$aDottrina sociale della Chiesa.$0(OLS)http://pul/subject/33229 830 0$aEnciclopedie per tutti ;$v6.$0(OLS)http://pul/title/750 850 $aPUL 852 $aPUL$W1$xDP1 Fondo E. Rossi$y115$m7 A 16$j1232$a2. copia$qFondi$B158147$CPULBib$Z2$F158147 $82 852 $aPUL$W1$xDP1 Cons. Gen., Altre Classi 1$y22$m43 I 22$j31567$nBK-PRI$qStampati$B31567$CPULBib$Z2$F31567 $H51045 $82 941 1 $a8 941 1 $a1 960 $aDottrina sociale cristiana$933229 996 $6020$a8870307107$9(OLS)http://pul/number/28285 996 $6245$aI documenti sociali della Chiesa :$bda Pio IX a Giovanni Paolo II (1864-1982)$9(OLS)http://pul/title/31365 996 $6260$aMilano :$bMassimo$9(OLS)http://pul/publisher/48143 LEADER 00780nam a2200205 u 4500 001 000000085482 003 CaOOAMICUS 005 20070226124206.0 008 050831q1936 it u000 u ita u 035 $a11058570 040 $aPUL(R)$bita 100 1 $aDel Fante, Alberto.$0(OLS)http://pul/name/56133 245 13$aLe procellarie del futuro :$bprofezie /$cAlberto Del Fante. 260 $aBologna :$bGalleri,$c[1936?] 300 $a301 p. ;$c21 cm 850 $aPUL 852 $aPUL$W1$xDP1 Fondo Cecchetti$y53$m282 H 15$j108606$nBK-PRI$b $qFondi$B108606$CPULBib$Z2$F108606 $HPUL5483 $81 941 1 $a1 996 $6245$aLe procellarie del futuro :$bprofezie$9(OLS)http://pul/title/110923 996 $6260$aBologna :$bGalleri$9(OLS)http://pul/publisher/69520